Эффект полупроницаемой мембраны при горении нанопорошка алюминия в воздухе; Материалы II Международной Казахстанско-Российской конференции по химии и химической технологии, посвященной 40-летию КарГУ имени академика Е. А. Букетова, 28 февраля – 2 марта 2012 г., Караганда; Т. 2

Bibliographische Detailangaben
Parent link:Материалы II Международной Казахстанско-Российской конференции по химии и химической технологии, посвященной 40-летию КарГУ имени академика Е. А. Букетова, 28 февраля – 2 марта 2012 г., Караганда: в 2 т./ Карагандинский государственный университет ; Национальный исследовательский Томский политехнический университет (ТПУ) ; Институт химических наук им. А. Б. Бектурова.— , 2012
Т. 2.— 2012.— [С. 133-135]
1. Verfasser: Мостовщиков А. В. Андрей Владимирович
Weitere Verfasser: Ильин А. П. Александр Петрович
Zusammenfassung:Заглавие с титульного листа
Электронная версия печатной публикации
Исследован фазовый состав продуктов сгорания нанопорошка алюминия. Установлено, что на поверхности сгоревшего нанопорошка алюминия основными фазами являются оксид алюминия, оксинитрид алюминия. При этом основной фазой, содержащейся в объеме сгоревшего нанопорошка, является нитрид алюминия. Наиболее вероятным объяснением является предположение о том, что поверхность горящего нанопорошка представляет собой полупроницаемую мембрану.
Sprache:Russisch
Veröffentlicht: 2012
Schriftenreihe:Секция 4. Аналитический контроль и физико-химические основы химических производств, техногенных и природных объектов
Schlagworte:
Online-Zugang:http://www.lib.tpu.ru/fulltext/v/Conferences/2011/C7/C7a22.pdf
Format: MixedMaterials Elektronisch Buchkapitel
KOHA link:https://koha.lib.tpu.ru/cgi-bin/koha/opac-detail.pl?biblionumber=217807

MARC

LEADER 00000naa2a2200000 4500
001 217807
005 20260126135633.0
035 |a (RuTPU)RU\TPU\book\237810 
035 |a RU\TPU\book\237808 
090 |a 217807 
100 |a 20120608d2012 k y0rusy50 ca 
101 0 |a rus 
102 |a KZ 
135 |a drnn ---uucaa 
181 0 |a i  
182 0 |a b 
200 1 |a Эффект полупроницаемой мембраны при горении нанопорошка алюминия в воздухе  |f А. В. Мостовщиков, А. П. Ильин 
203 |a Текст  |c электронный 
215 |a 1 файл (361 Кб) 
225 1 |a Секция 4. Аналитический контроль и физико-химические основы химических производств, техногенных и природных объектов 
300 |a Заглавие с титульного листа 
300 |a Электронная версия печатной публикации 
320 |a [Библиогр.: с. 135 (3 назв.)] 
330 |a Исследован фазовый состав продуктов сгорания нанопорошка алюминия. Установлено, что на поверхности сгоревшего нанопорошка алюминия основными фазами являются оксид алюминия, оксинитрид алюминия. При этом основной фазой, содержащейся в объеме сгоревшего нанопорошка, является нитрид алюминия. Наиболее вероятным объяснением является предположение о том, что поверхность горящего нанопорошка представляет собой полупроницаемую мембрану. 
337 |a Adobe Reader 
461 1 |0 (RuTPU)RU\TPU\book\237375  |t Материалы II Международной Казахстанско-Российской конференции по химии и химической технологии, посвященной 40-летию КарГУ имени академика Е. А. Букетова, 28 февраля – 2 марта 2012 г., Караганда  |o в 2 т.  |f Карагандинский государственный университет ; Национальный исследовательский Томский политехнический университет (ТПУ) ; Институт химических наук им. А. Б. Бектурова  |d 2012 
463 1 |0 (RuTPU)RU\TPU\book\237657  |t Т. 2  |v [С. 133-135]  |d 2012 
610 1 |a алюминий 
610 1 |a нанопорошки 
610 1 |a воздух 
610 1 |a горение 
610 1 |a полупроницаемые мембраны 
610 1 |a фазовый состав 
610 1 |a труды учёных ТПУ 
610 1 |a электронный ресурс 
700 1 |a Мостовщиков  |b А. В.  |c химик  |c старший научный сотрудник, профессор Томского политехнического университета, доктор технических наук  |f 1989-  |g Андрей Владимирович  |3 (RuTPU)RU\TPU\pers\25492  |9 11429 
701 1 |a Ильин  |b А. П.  |c химик  |c профессор Томского политехнического университета, доктор физико-математических наук  |f 1949-  |g Александр Петрович  |3 (RuTPU)RU\TPU\pers\25487  |9 11424 
801 1 |a RU  |b 63413507  |c 20120118 
801 2 |a RU  |b 63413507  |c 20130219  |g RCR 
856 4 |u http://www.lib.tpu.ru/fulltext/v/Conferences/2011/C7/C7a22.pdf 
942 |c CF